000 00296nam a22001217a 4500
008 171107b xxu||||| |||| 00| 0 eng d
041 _aeng
080 _a721.053
100 _a62
101 _aAUD
245 _aAUDITING ORGANIZATIONS THROUGH A STRATEGIC- SYSTEMS LENS
_cBELL,T
942 _2udc
_cBK
999 _c38159
_d38159